00833nam a2200217Ia 4500952009400000999001900094005001700113008004100130020001500171082001800186100002700204240002700231245011500258260004300373300001800416490003200434519007800466650001600544650004800560942000700608 00104070a01b01d2018-07-23l0o302.2 B285obp01 014627r2018-07-23t1w2018-07-23yLB c103167d10316720231102152051.0120622s1986 sp r 000 0 spa d a8475094007 4a302.2bB285ob1 aBarthes, Rolandeautor aL’obvie et l’obtus10aLo obvio y lo obtusob : imágenes, gestos, vocesc / Roland Barthes ; traducción de C. Fernández Medrano3 aEspañab: Paidós Ibéricac, 1986 a380 páginas aPaidós Comunicaciónv21 aMaterial Complementario / bCiencias de la comunicación / d(01 014627)14aSEMIÓTICA24aCOMUNICACIÓNvENSAYOS, CONFERENCIAS, ETC. cLB